Steam Methane Reforming over Bi-Metal Loaded Hemp Derived Activated Carbon-Based Catalyst for Hydrogen Production / (Record no. 602075)
[ view plain ]
| 000 -LEADER | |
|---|---|
| fixed length control field | 00533nam a2200157Ia 4500 |
| 008 - FIXED-LENGTH DATA ELEMENTS--GENERAL INFORMATION | |
| fixed length control field | 230907s9999||||xx |||||||||||||| ||und|| |
| 082 ## - DEWEY DECIMAL CLASSIFICATION NUMBER | |
| Classification number | 620.1 |
| Author Mark | RAS |
| 100 ## - MAIN ENTRY--PERSONAL NAME | |
| Personal name | Rashid Minhas (00000319874) |
| 9 (RLIN) | 116729 |
| 245 #0 - TITLE STATEMENT | |
| Title | Steam Methane Reforming over Bi-Metal Loaded Hemp Derived Activated Carbon-Based Catalyst for Hydrogen Production / |
| 260 ## - PUBLICATION, DISTRIBUTION, ETC. | |
| Place of publication, distribution, etc. | USPCAS-E, NUST, |
| Name of publisher, distributor, etc. | Islamabad : |
| Date of publication, distribution, etc. | 2022 |
| 300 ## - PHYSICAL DESCRIPTION | |
| Extent | xv, 79 p. |
| 520 ## - SUMMARY, ETC. | |
| Summary, etc. | TH-397 |
| 650 ## - SUBJECT ADDED ENTRY--TOPICAL TERM | |
| Topical term or geographic name entry element | MS-TEE Thesis MS Thesis |
| 700 ## - ADDED ENTRY--PERSONAL NAME | |
| Personal name | Dr Asif Hussain Khoja |
| 9 (RLIN) | 117190 |
| 942 ## - ADDED ENTRY ELEMENTS (KOHA) | |
| Koha item type | Thesis |
| Source of classification or shelving scheme | |
| Withdrawn status | Lost status | Source of classification or shelving scheme | Damaged status | Not for loan | Permanent Location | Current Location | Date acquired | Full call number | Barcode | Date last seen | Price effective from | Koha item type |
|---|---|---|---|---|---|---|---|---|---|---|---|---|
| US-Pakistan Center for Advanced Studies in Energy (USPCAS-E) | US-Pakistan Center for Advanced Studies in Energy (USPCAS-E) | 08/22/2022 | 620.1 RAS | CAS-ETH0000397 | 09/12/2023 | 09/12/2023 | Thesis |
